000
00256nam a2200097Ia 4500
001
640819
005
20250826153454.0
008
250824s9999 xx 000 0 und d
245
0
_a
ÖMER SEYFETTİN ÖYKÜ ADAM
_c
RECEP ŞÜKRÜ APUHAN
260
_b
GENÇ TİMAŞ
999
_c
640819
_d
640819